Tài liệu luyện thi năng lực Tiếng Nhật : Trình độ cấp 2 ( Trung cấp )

Quyển sách trình bày những điểm văn phạm thường xuất hiện trong kỳ thi kiểm tra năng lực trung cấp, những văn phạm giúp học viên tự kiểm tra mình, các văn tự, từ vựng, đọc giải và văn phạm. Phần cuối cùng là giải đáp luyện tập và bài t...

Celý popis

Uloženo v:
Podrobná bibliografie
Hlavní autor: Trần, Việt Thanh
Médium: Kniha
Jazyk:Undetermined
Vydáno: Thành phố Hồ Chí Minh Trẻ. 2006
Témata:
Tagy: Přidat tag
Žádné tagy, Buďte první, kdo otaguje tento záznam!
Thư viện lưu trữ: Trung tâm Học liệu Trường Đại học Cần Thơ
LEADER 01159nam a2200229Ia 4500
001 CTU_112979
008 210402s9999 xx 000 0 und d
020 |c 44000 
082 |a 495.6 
082 |b Th107/T3 
100 |a Trần, Việt Thanh 
245 0 |a Tài liệu luyện thi năng lực Tiếng Nhật : 
245 0 |b Trình độ cấp 2 ( Trung cấp ) 
245 0 |c Trần Việt Thanh 
260 |a Thành phố Hồ Chí Minh 
260 |b Trẻ. 
260 |c 2006 
520 |a Quyển sách trình bày những điểm văn phạm thường xuất hiện trong kỳ thi kiểm tra năng lực trung cấp, những văn phạm giúp học viên tự kiểm tra mình, các văn tự, từ vựng, đọc giải và văn phạm. Phần cuối cùng là giải đáp luyện tập và bài tập. 
650 |a Japanese language,Test of english as a foreign language,Japanese language 
650 |x Examinations,Study guides,Study guides,Textbooks for foreign speakers 
904 |i Minh 
980 |a Trung tâm Học liệu Trường Đại học Cần Thơ